000
002460000a22000970004500
100
1
_a
McClung, Floyd
245
1
0
_a
Apostolic passion
300
_a
Vol.21, núm.2 (January-February, 1999), Páginas 20-21
773
0
_t
Mission Frontiers
942
_c
ANA
999
_c
60306
_d
60306